ISSUES IN MASS COMMUNICATION THE BASIC CONCEPTS (Record no. 13168)

MARC details
000 -LEADER
fixed length control field 00374nam a22001457a 4500
003 - CONTROL NUMBER IDENTIFIER
control field SGT
020 ## - INTERNATIONAL STANDARD BOOK NUMBER
International Standard Book Number 9788173912498
082 ## - DEWEY DECIMAL CLASSIFICATION NUMBER
Classification number 384.3
Item number I08Y
100 ## - MAIN ENTRY--PERSONAL NAME
Personal name YADAVA, J.S PRADEEP MATHUR
245 ## - TITLE STATEMENT
Title ISSUES IN MASS COMMUNICATION THE BASIC CONCEPTS
260 ## - PUBLICATION, DISTRIBUTION, ETC. (IMPRINT)
Place of publication, distribution, etc NEW DELHI
Name of publisher, distributor, etc KANISHKA PUBLICATION
Year of Publication 2008
300 ## - PAGE DESCRIPTION
No. of Pages 312
650 ## - SUBJECT ADDED ENTRY--TOPICAL TERM
Topical term or geographic name as entry element MASS COMMUNICATION
942 ## - ADDED ENTRY ELEMENTS (KOHA)
Source of classification or shelving scheme Dewey Decimal Classification
Koha item type Books
942 ## - ADDED ENTRY ELEMENTS (KOHA)
-- 1
Holdings
Withdrawn status Lost status Source of classification or shelving scheme Damaged status Not for loan Collection code Home library Current library Shelving location Date acquired Vendor Name Cost, normal purchase price Volume Information (Serial or Books or Non-Book Material) SGTU Bill Number Total Checkouts Full call number Accession No. (Barcode) Date last seen Bill Date Koha item type Date last borrowed
    Dewey Decimal Classification     MASS COMMUNICATION SGT Science & Social Sciences Library SGT Science & Social Sciences Library Reference Book 31/08/2017 INDIAN PUBLISHER NEW DELHI 1550.00 1 SGTU 10   384.3 I08Y MC482 31/08/2017 29/04/2017 Books  
    Dewey Decimal Classification     MASS COMMUNICATION SGT Science & Social Sciences Library SGT Science & Social Sciences Library Reference Book 31/08/2017 INDIAN PUBLISHER NEW DELHI 1550.00 1 SGTU 10 1 384.3 I08Y MC484 28/11/2017 29/04/2017 Books 24/10/2017
Withdrawn   Dewey Decimal Classification     MASS COMMUNICATION SGT Science & Social Sciences Library SGT Science & Social Sciences Library Reference Book 31/08/2017 INDIAN PUBLISHER NEW DELHI 1550.00 1 SGTU 10   384.3 I08Y MC486 31/08/2017 29/04/2017 Books  
    Dewey Decimal Classification     MASS COMMUNICATION SGT Science & Social Sciences Library SGT Science & Social Sciences Library Reference Book 31/08/2017 INDIAN PUBLISHER NEW DELHI 1550.00 2 SGTU 10 1 384.3 I08Y MC487 13/04/2023 29/04/2017 Books 03/04/2023
    Dewey Decimal Classification     MASS COMMUNICATION SGT Science & Social Sciences Library SGT Science & Social Sciences Library Reference Book 31/08/2017 INDIAN PUBLISHER NEW DELHI 1550.00 2 SGTU 10   384.3 I08Y MC483 31/08/2017 29/04/2017 Books  
    Dewey Decimal Classification     MASS COMMUNICATION SGT Science & Social Sciences Library SGT Science & Social Sciences Library Reference Book 31/08/2017 INDIAN PUBLISHER NEW DELHI 1550.00 2 SGTU 10   384.3 I08Y MC485 31/08/2017 29/04/2017 Books